[Event "Sao Paulo op-C U1700 7th"]
[Site "Sao Paulo"]
[Date "2018.03.30"]
[Round "1"]
[White "Pereira Fo, Hildebrando Apolon"]
[Black "Rodrigues, Jose Henrique Leite"]
[Result "1-0"]
[WhiteElo "1594"]
[BlackElo "1228"]
[PlyCount "45"]
[EventDate "2018.03.30"]
[EventType "swiss"]
[EventRounds "6"]
[EventCountry "BRA"]
[SourceTitle "EXT 2021"]
[Source "ChessBase"]
[SourceDate "2020.10.23"]
[SourceVersion "1"]
[SourceVersionDate "2020.10.23"]
[SourceQuality "1"]

1. c4 e5 2. d3 Nc6 3. Nf3 Bc5 4. Nc3 h6 5. e3 Bb4 6. Bd2 Bxc3 7. Bxc3 d6 8. Be2 Nf6 9. a3 0-0 10. 0-0 Re8 11. Qc2 b6 12. b4 a6 13. Bb2 Bb7 14. Rfd1 e4 15. Nd4 d5 16. Rac1 Rc8 17. cxd5 Nxd4 18. Bxd4 Qxd5 19. f3 exd3 20. Bxd3 Qd6 21. Bf5 Nd7 22. Bxg7 Qxd1+ 23. Rxd1 1-0